000 00760nam a2200217Ii 4500
003 JO-AjNU
008 230605s9999||||xx |||||||||||||| ||und||
017 _a1986/1339
040 _aJO-AjNU
_bara
_erda
_cJO-AjNU
041 _aara
050 1 4 _aCB251.m912.1986
100 3 _aمايرز، يوجين أ.؛ سعد الدين، كاظم مترجم؛ الكبيسي، طراد محرر,
_eauthor
_914513
245 0 0 _aالفكر العربي والعالم الغربي
250 _aط1
264 3 1 _aبغداد: دار الشؤون الثقافية العامة، 1986
300 _a154ص
336 _atext
_btxt
_2rdacontent
337 _aunmediated
_bn
_2rdamedia
338 _avolume
_bnc
_2rdacarrier
650 4 _aالغرب والعرب-علم
_914514
999 _aA3888
_c7456
_d7456